000 01730nam a2200457 i 4500
001 ELB218314
003 FINmELB
005 20250326043142.0
006 m o d |
007 cr cnu||||||||
008 230328s2020 ag a o 001 0 spa d
020 _a9789874736239
_q(e-book)
035 _a(OCoLC)1377205906
040 _aFINmELB
_bspa
_erda
_cFINmELB
050 4 _aP40
_bC312 2020
080 _a81â27
082 0 4 _a306.44
_223
100 1 _aCarranza, Isolda E.,
_eautora.
245 1 0 _aNarrativas interaccionales :
_buna mirada sociolingèuística a la actividad de narrar en encuentros sociales /
_cIsolda E. Carranza.
264 1 _aCórdoba, Argentina :
_bFacultad de Lenguas de la Universidad Nacional de Córdoba,
_c2020.
300 _a1 recurso en línea (308 páginas) :
_bilustraciones
336 _atexto
_btxt
_2rdacontent/spa
337 _acomputadora
_bc
_2rdamedia/spa
338 _arecurso en línea
_bcr
_2rdacarrier/spa
490 1 _aIndagaciones en lenguas
500 _aIncluye figuras.
500 _aIncluye imágenes.
500 _aIncluye índice.
500 _aIncluye referencias bibliográficas.
500 _aincluye tablas.
588 _aDescripción basada en metadatos suministrados por el editor y otras fuentes.
590 _aRecurso electrónico. Santa Fe, Arg.: elibro, 2023. Disponible vía World Wide Web. El acceso puede estar limitado para las bibliotecas afiliadas a elibro.
650 4 _aDiscurso.
650 4 _aLingèuística.
650 4 _aOratoria.
650 4 _aSociolingèuística.
655 4 _aLibros electrónicos.
797 2 _aelibro, Corp.
830 0 _aIndagaciones en lenguas.
856 4 0 _uhttps://elibro.net/ereader/usam/218314
999 _c141510
_d141510